| 000 | 00670cam a2200253 4500 | ||
|---|---|---|---|
| 001 | J106630 | ||
| 008 | 000000n1999 000 0 eng u | ||
| 035 | _a(Sirsi) u106630 | ||
| 041 | _aENG | ||
| 050 | _a333.337 | ||
| 110 |
_aStrutt & Parker _92509 |
||
| 245 | 4 | _aThe business park index. - July 1999 | |
| 260 |
_aLondon _bStrutt & Parker _c1999 |
||
| 300 | _a12p. : ill. ; 30cm. | ||
| 650 | _aLONDON | ||
| 650 | _aBUSINESS PARK INDEX | ||
| 650 | _aBUSINESS PARKS | ||
| 650 | _aOFFICE PARKS | ||
| 650 | _aPROPERTY INDICES | ||
| 690 | _aPROPERTY-COMMERCIAL PROPERTY | ||
| 710 |
_aInvestment Property Databank _92288 |
||
| 856 | _aWEB SITE | ||
| 942 | _n0 | ||
| 999 |
_c100591 _d100591 |
||